000 00575nam a2200229Ia 4500
003 OSt
005 20221005115507.0
006 a|||||r|||| 00| 0
007 ta
008 221004b |||||||| |||| 00| 0 mal d
024 _a62278
037 _cTextual
040 _aCRL
_cCRL
_bmal
041 _2mal
_amal
082 _aO32,1NKNP,2, J5
100 _aKavalam Au.
_9627621
245 0 _aCheena paravakal
260 _c1955
650 _aMALAYALAM POETRY
_9185636
942 _hO32,1NKNP,2, J5
_cTEXL
_2cc
999 _c1035001
_d1035001